<?xml version="1.0" encoding="UTF-8"?><?xml-stylesheet type="text/xsl" href="static/style.xsl"?><OAI-PMH xmlns="http://www.openarchives.org/OAI/2.0/" xmlns:xsi="http://www.w3.org/2001/XMLSchema-instance" xsi:schemaLocation="http://www.openarchives.org/OAI/2.0/ http://www.openarchives.org/OAI/2.0/OAI-PMH.xsd"><responseDate>2026-04-13T06:24:21Z</responseDate><request verb="GetRecord" identifier="oai:www.recercat.cat:2445/184393" metadataPrefix="marc">https://recercat.cat/oai/request</request><GetRecord><record><header><identifier>oai:recercat.cat:2445/184393</identifier><datestamp>2026-01-10T19:12:30Z</datestamp><setSpec>com_2072_1057</setSpec><setSpec>col_2072_478813</setSpec><setSpec>col_2072_478917</setSpec></header><metadata><record xmlns="http://www.loc.gov/MARC21/slim" xmlns:dcterms="http://purl.org/dc/terms/" xmlns:xsi="http://www.w3.org/2001/XMLSchema-instance" xmlns:doc="http://www.lyncode.com/xoai" xsi:schemaLocation="http://www.loc.gov/MARC21/slim http://www.loc.gov/standards/marcxml/schema/MARC21slim.xsd">
   <leader>00925njm 22002777a 4500</leader>
   <datafield ind2=" " ind1=" " tag="042">
      <subfield code="a">dc</subfield>
   </datafield>
   <datafield ind2=" " ind1=" " tag="720">
      <subfield code="a">Giménez Guerra, Isaac</subfield>
      <subfield code="e">author</subfield>
   </datafield>
   <datafield ind2=" " ind1=" " tag="720">
      <subfield code="a">Bagán Navarro, Héctor</subfield>
      <subfield code="e">author</subfield>
   </datafield>
   <datafield ind2=" " ind1=" " tag="720">
      <subfield code="a">Tarancón Sanz, Alex</subfield>
      <subfield code="e">author</subfield>
   </datafield>
   <datafield ind2=" " ind1=" " tag="720">
      <subfield code="a">García Martínez, José Francisco</subfield>
      <subfield code="e">author</subfield>
   </datafield>
   <datafield ind2=" " ind1=" " tag="260">
      <subfield code="c">2022-03-24T18:50:21Z</subfield>
   </datafield>
   <datafield ind2=" " ind1=" " tag="260">
      <subfield code="c">2022-03-24T18:50:21Z</subfield>
   </datafield>
   <datafield ind2=" " ind1=" " tag="260">
      <subfield code="c">2021</subfield>
   </datafield>
   <datafield ind2=" " ind1=" " tag="260">
      <subfield code="c">2022-03-24T18:50:21Z</subfield>
   </datafield>
   <datafield ind2=" " ind1=" " tag="520">
      <subfield code="a">The analysis of radionuclides is complex, with high economic and time costs. For this reason, there is a need to develop new methods and strategies to reduce these costs. One important group in the analysis of radionuclides is the actinides, which are the main constituents assessed in the total gross alpha together with radium and radon test used to measure radioactivity in drinking water. Moreover, in nuclear dismantling processes, the possible spread of the released radionuclides has to be controlled, which is measured by many techniques, depending on the radionuclides, through scintillation. This work presents a new method to analyse actinides using plastic scintillation resins (PSresins) packed in a solid-phase extraction cartridge. The proposed method combines chemical separation and sample measurement into a single step, reducing the effort, time and reagents required for analysis as well as decreasing the amount of waste generated. The PSresins compared in this study contained three selective extractants based on Methylenediphosphonic acid with different radicals, which has a high affinity for tri-, tetra-, and hexavalent actinides in dilute acids. These extractants were immobilised on plastic scintillation microspheres at a ratio of 1/1:6, producing a retention and detection efficiency of 100% for 241Am, 230Th, Uranium and 238Pu. The retention and detection efficiency were 20% and 100%, respectively, for 210Po and low for 226Ra.</subfield>
   </datafield>
   <datafield tag="653" ind2=" " ind1=" ">
      <subfield code="a">Isòtops radioactius</subfield>
   </datafield>
   <datafield tag="653" ind2=" " ind1=" ">
      <subfield code="a">Química analítica</subfield>
   </datafield>
   <datafield tag="653" ind2=" " ind1=" ">
      <subfield code="a">Radioisotopes</subfield>
   </datafield>
   <datafield tag="653" ind2=" " ind1=" ">
      <subfield code="a">Analytical chemistry</subfield>
   </datafield>
   <datafield ind2="0" ind1="0" tag="245">
      <subfield code="a">PSresin for the analysis of alpha-emitting radionuclides: Comparison of diphosphonic acid-based extractants</subfield>
   </datafield>
</record></metadata></record></GetRecord></OAI-PMH>